<?xml version="1.0" encoding="UTF-8"?>
<record
    xmlns:xsi="http://www.w3.org/2001/XMLSchema-instance"
    xsi:schemaLocation="http://www.loc.gov/MARC21/slim http://www.loc.gov/standards/marcxml/schema/MARC21slim.xsd"
    xmlns="http://www.loc.gov/MARC21/slim">

  <leader>00723cam a22002412i 4500</leader>
  <controlfield tag="001">CIP114015964</controlfield>
  <controlfield tag="003">YEEZEN</controlfield>
  <controlfield tag="005">20251215100337.0</controlfield>
  <controlfield tag="008">251031s2025    ch     e      000 0 chi d</controlfield>
  <datafield tag="020" ind1=" " ind2=" ">
    <subfield code="a">9786267667767</subfield>
    <subfield code="q">(&#x7CBE;&#x88DD;) :</subfield>
    <subfield code="c">NT$2000</subfield>
  </datafield>
  <datafield tag="040" ind1=" " ind2=" ">
    <subfield code="a">CIP</subfield>
    <subfield code="b">chi</subfield>
    <subfield code="c">CIP</subfield>
  </datafield>
  <datafield tag="042" ind1=" " ind2=" ">
    <subfield code="a">nbic</subfield>
  </datafield>
  <datafield tag="084" ind1=" " ind2=" ">
    <subfield code="a">419.333</subfield>
    <subfield code="2">ncsclt</subfield>
  </datafield>
  <datafield tag="090" ind1=" " ind2=" ">
    <subfield code="a">419.333</subfield>
  </datafield>
  <datafield tag="245" ind1="1" ind2="0">
    <subfield code="a">&#x75AB;&#x5F8C;&#x65B0;&#x751F;: &#x570B;&#x5BB6;&#x91AB;&#x9662; &#x8F49;&#x8B8A;&#x8207;&#x6C38;&#x7E8C; /</subfield>
    <subfield code="c">&#x885B;&#x751F;&#x798F;&#x5229;&#x90E8;&#x9644;&#x5C6C;&#x91AB;&#x7642;&#x53CA;&#x793E;&#x6703;&#x798F;&#x5229;&#x6A5F;&#x69CB;&#x7BA1;&#x7406;&#x6703;&#x6240;&#x5C6C;&#x91AB;&#x9662;&#x8457;</subfield>
  </datafield>
  <datafield tag="260" ind1=" " ind2=" ">
    <subfield code="a">&#x81FA;&#x5317;&#x5E02; :</subfield>
    <subfield code="b">&#x885B;&#x798F;&#x90E8;, </subfield>
    <subfield code="c">2025.11.</subfield>
  </datafield>
  <datafield tag="300" ind1=" " ind2=" ">
    <subfield code="a">&#x9762; ;</subfield>
    <subfield code="c">&#x516C;&#x5206;</subfield>
  </datafield>
  <datafield tag="650" ind1=" " ind2="7">
    <subfield code="2">lcstt</subfield>
    <subfield code="a">&#x91AB;&#x7642;&#x6A5F;&#x69CB;</subfield>
  </datafield>
  <datafield tag="650" ind1=" " ind2="7">
    <subfield code="2">lcstt</subfield>
    <subfield code="a">&#x5065;&#x5EB7;&#x7167;&#x8B77;&#x9AD4;&#x7CFB;</subfield>
  </datafield>
  <datafield tag="650" ind1=" " ind2="7">
    <subfield code="2">lcstt</subfield>
    <subfield code="a">&#x91AB;&#x7642;&#x670D;&#x52D9;</subfield>
  </datafield>
  <datafield tag="651" ind1=" " ind2="7">
    <subfield code="2">lcstt</subfield>
    <subfield code="a">&#x81FA;&#x7063;</subfield>
  </datafield>
  <datafield tag="942" ind1=" " ind2=" ">
    <subfield code="2">ccl</subfield>
    <subfield code="c">BOOK</subfield>
  </datafield>
  <datafield tag="999" ind1=" " ind2=" ">
    <subfield code="c">7676</subfield>
    <subfield code="d">7676</subfield>
  </datafield>
  <datafield tag="952" ind1=" " ind2=" ">
    <subfield code="0">0</subfield>
    <subfield code="1">0</subfield>
    <subfield code="2">ccl</subfield>
    <subfield code="4">0</subfield>
    <subfield code="7">0</subfield>
    <subfield code="a">yeezen</subfield>
    <subfield code="b">yeezen</subfield>
    <subfield code="c">YEEZEN</subfield>
    <subfield code="d">2025-12-15</subfield>
    <subfield code="l">0</subfield>
    <subfield code="o">419.333</subfield>
    <subfield code="p">C03262</subfield>
    <subfield code="r">2025-12-15 00:00:00</subfield>
    <subfield code="w">2025-12-15</subfield>
    <subfield code="y">BOOK</subfield>
    <subfield code="z">&#x672C;&#x66F8;&#x662F;&#x4E00;&#x90E8;&#x7D66;&#x4E88;&#x8D85;&#x8D8A;&#x6642;&#x4EE3;&#x8207;&#x4E2D;&#x592E;&#x75BE;&#x75C5;&#x7BA1;&#x7406;&#x4E4B;&#x8DEF;&#x7684;&#x5168;&#x65B9;&#x4F4D;&#x6558;&#x8FF0;,&#x66F8;&#x4E2D;&#x5206;&#x5217;&#x300C;&#x5065;&#x5EB7;&#x5E73;&#x6B0A;&#x7684;&#x5B88;&#x8B77;&#x8005;&#x300D;&#x3001;&#x300C;&#x5F9E;&#x91AB;&#x9662;&#x7BA1;&#x7406;&#x5230;&#x65C5;&#x9928;&#x5F0F;&#x5065;&#x5EB7;&#x7BA1;&#x7406;&#x300D;&#x3001;&#x300C;&#x5F37;&#x5316;&#x793E;&#x6703;&#x97CC;&#x6027;&#x7684;&#x707D;&#x9632;&#x6574;&#x5099;&#x300D;&#x3001;&#x300C;&#x90E8;&#x5C6C;&#x91AB;&#x9662;&#x6210;&#x70BA;&#x5340;&#x57DF;&#x885B;&#x653F;&#x548C;&#x793E;&#x653F;&#x6574;&#x5408;&#x300D;&#x3001;&#x300C;&#x7D50;&#x5408;&#x667A;&#x80FD; AI &#x7684;&#x5C0E;&#x5165;&#x8207;&#x4F01;&#x696D;&#x652F;&#x63F4; ESG &#x7CBE;&#x795E;&#x300D;&#x4E94;&#x90E8;&#x7BC7;&#x7AE0;</subfield>
  </datafield>
</record>
